000 00731nam a2200289Ia 4500
005 20260324112624.0
008 008 260324s9999 xx 000 0 eng d
020 _a9781003449607
037 _aEBOOK
040 _aCRL
040 _beng
040 _cCRL
041 _2eng
041 _aeng
084 _qCRL
100 _aSven Van Kerckhoven; Usman W. Chohan
_91143464
245 0 _aDecentralized Autonomous Organizations
245 0 _bInnovation and Vulnerability in the Digital Economy
260 _bTaylor and Francis
260 _c2024
365 _a
365 _b230
856 _uhttp://www.taylorfrancis.com/books/9781003449607
942 _cEBOOK
999 _c1732735
_d1732735